00462nam a22001577a 450000500170000001000150001702000260003203500140005803700130007208200100008524500600009526000280015527000780018330000200026170000230028120220907160339.0 aENG-134964 a9789385932946c395.00 aEN-118496 bDBAD/PUB a230.3 aChandrabati's Ramayan/cTranslated by Nabaneeta Dev Sen aNew DelhibZubaanc2020 a128 B, Shahpur Jat, 1st FloorbNew Delhie110049mcontact@zubaanbooks.com a110p.c21cm(hb) aSen, Nabaneeta Dev